Normal view MARC view

Entry Personal Name

Number of records used in: 2

001 - CONTROL NUMBER

  • control field: 22195

003 - CONTROL NUMBER IDENTIFIER

  • control field: dpl

005 - DATE AND TIME OF LATEST TRANSACTION

  • control field: 20100928141901.0

008 - FIXED-LENGTH DATA ELEMENTS

  • fixed length control field: 100928|||a|||||| | ||| d

040 ## - CATALOGING SOURCE

  • Original cataloging agency: dpl
  • Transcribing agency: dpl

100 ## - HEADING--PERSONAL NAME

  • Personal name: द्विवेदी, हजारीप्रसाद

670 ## - SOURCE DATA FOUND

  • Source citation: Work cat.: (dpl)36079: द्विवेदी, हजारीप्रसाद, अनामदास का पोथाः, 2010

670 ## - SOURCE DATA FOUND

  • Source citation: Work cat.: (dpl)36079: द्विवेदी, हजारीप्रसाद, अनामदास का पोथाः, 2010

© Delhi Public Library
Hit Counter
free hit counter